| 000 | 00819nam a22002537a 4500 | ||
|---|---|---|---|
| 003 | BJBSDDR | ||
| 005 | 20250116163140.0 | ||
| 007 | ta | ||
| 008 | 241017s2010 fr 000 0 fre d | ||
| 020 | _a2247088945 | ||
| 020 | _a9782247088942 | ||
| 040 |
_aBJBSDDR _bspa _cBJBSDDR |
||
| 041 | _afre | ||
| 050 | 1 | 4 |
_aKJV 5434 _bC669 2010 |
| 245 | 0 | 0 |
_aCode de l'éducation / _cCommentaires rédigés par Marc Debène ; Annotations rédigées par Françoise Dupont-Marillia. |
| 250 | _aCinquième édition | ||
| 260 |
_aParis : _bDalloz, _c2010. |
||
| 300 |
_aXLIV-2236-18 pages ; _b20 cm |
||
| 440 | 0 |
_aPetits codes Dalloz _926975 |
|
| 650 | 4 |
_aEducación _91866 _xDerecho _xCódigos _zFrancia |
|
| 700 | 1 |
_aDebène, Marc, _d1946- _938984 |
|
| 700 | 1 |
_aDupont-Marillia, Francoise _938985 |
|
| 942 |
_2lcc _n0 _cBK |
||
| 999 |
_c122266 _d122266 |
||